[Event "Europa ch 2012 femenino"]
[Site "Gaziantep TUR"]
[Date "2012.03.02"]
[Round "1.34"]
[White "Kovanova, Baira"]
[Black "Alexanian, Nelli"]
[Result "0-1"]
[PlyCount "112"]
[EventDate "2012.03.02"]
[EventType "swiss"]
[EventRounds "11"]
[EventCountry "TUR"]
[Source "lmi"]
[SourceDate "2012.03.02"]
[WhiteElo "2392"]
[BlackElo "2114"]

1. e4 e6 2. d3 b5 3. Nf3 Bb7 4. Qe2 c5 5. g3 g6 6. Bg2 Bg7 7. O-O Ne7 8. c3 O-O
9. Re1 d6 10. d4 cxd4 11. cxd4 a6 12. Nc3 b4 13. Na4 Bc6 14. b3 Bxa4 15. bxa4
Qa5 16. a3 b3 17. Qc4 Rc8 18. Qxb3 Bxd4 19. Bd2 Bc3 20. Rad1 Nd7 21. Bxc3 Rxc3
22. Qb7 Rd8 23. Rxd6 Rxf3 24. Red1 Rxa3 25. Rxd7 Rxd7 26. Rxd7 Ra1+ 27. Bf1 Qe1
28. Qxa6 Nc6 29. Qb5 Rb1 30. Qa6 Ne5 31. Rd8+ Kg7 32. h3 Nf3+ 33. Kg2 Nd2 34.
Rxd2 Qxd2 35. Qd3 Qxd3 36. Bxd3 Ra1 37. Bb5 Kf6 38. h4 Ke5 39. f3 Kd4 40. Bc6
e5 41. h5 gxh5 42. Be8 f6 43. Kh3 Ke3 44. Bxh5 Rxa4 45. Kg4 Kf2 46. f4 Ra3 47.
Kf5 Rxg3 48. fxe5 fxe5 49. Be8 Rg8 50. Bc6 Rc8 51. Bd5 Re8 52. Bc6 Rc8 53. Bd5
Ke3 54. Kxe5 h5 55. Kf6 Kf4 56. Ke6 Re8+ 0-1

[Event "Europa ch 2012 femenino"]
[Site "Gaziantep TUR"]
[Date "2012.03.02"]
[Round "1.35"]
[White "Mareckova, Martina"]
[Black "Michna, Marta"]
[Result "0-1"]
[PlyCount "102"]
[EventDate "2012.03.02"]
[EventType "swiss"]
[EventRounds "11"]
[EventCountry "TUR"]
[Source "lmi"]
[SourceDate "2012.03.02"]
[WhiteElo "2114"]
[BlackElo "2383"]

1. e4 d6 2. d4 Nf6 3. Nc3 Nc6 4. Nge2 e5 5. d5 Nb8 6. Ng3 Be7 7. Be2 c6 8. O-O
O-O 9. Kh1 cxd5 10. Nxd5 Nxd5 11. Qxd5 Nc6 12. Be3 Be6 13. Qb5 Qc7 14. Rfd1 a6
15. Qb6 Qc8 16. c4 Rd8 17. Rac1 g6 18. f4 exf4 19. Bxf4 Ne5 20. Qa5 Bf6 21. c5
dxc5 22. Rxd8+ Qxd8 23. Qxc5 Rc8 24. Qe3 Rxc1+ 25. Qxc1 Bxa2 26. Qc5 Nc6 27. e5
Be7 28. Qc3 Qd4 29. Qxd4 Nxd4 30. Bd3 Ne6 31. Bd2 Nc5 32. Be2 Bd5 33. Be3 Nd7
34. Bd4 Bg5 35. Bg4 Nf8 36. Kg1 h5 37. Be2 Nd7 38. Bd3 Bf4 39. e6 Bxe6 40. Be4
b5 41. b4 Be5 42. Bf2 Nf6 43. Bb7 Bc4 44. Bxa6 Bc3 45. Bc5 h4 46. Nf1 Ne4 47.
Bb6 Bxb4 48. Ne3 Bc5 49. Bxc5 Nxc5 50. Nxc4 Nxa6 51. Nb2 f5 0-1

[Event "Europa ch 2012 femenino"]
[Site "Gaziantep TUR"]
[Date "2012.03.02"]
[Round "1.36"]
[White "Kashlinskaya, Alina"]
[Black "Bezgodova, Svetlana"]
[Result "1-0"]
[PlyCount "165"]
[EventDate "2012.03.02"]
[EventType "swiss"]
[EventRounds "11"]
[EventCountry "TUR"]
[Source "lmi"]
[SourceDate "2012.03.02"]
[WhiteElo "2377"]
[BlackElo "2109"]

1. d4 Nf6 2. c4 d6 3. Nf3 Nbd7 4. g3 e5 5. Nc3 c6 6. Bg2 Be7 7. O-O O-O 8. e4
a6 9. a4 a5 10. h3 Re8 11. Be3 exd4 12. Nxd4 Nc5 13. Qc2 Qb6 14. Rad1 Bf8 15.
Rfe1 Bd7 16. f4 Rad8 17. Bf2 Bc8 18. e5 dxe5 19. fxe5 Nfd7 20. e6 Nf6 21. exf7+
Kxf7 22. g4 Kg8 23. Bf3 Qc7 24. Kg2 Qf7 25. b3 Qg6 26. Qxg6 hxg6 27. Rxe8 Rxe8
28. Nce2 Na6 29. Ng3 Bb4 30. g5 Nh7 31. h4 Nf8 32. Nc2 Bc5 33. Be1 Bb6 34. Bc3
Ne6 35. Ne4 Nf4+ 36. Kh1 Nh3 37. Re1 Rf8 38. Bg2 Nf2+ 39. Nxf2 Bxf2 40. Re7 Rf7
41. Re8+ Rf8 42. Re7 Rf7 43. Re8+ Rf8 44. Rxf8+ Kxf8 45. Bxa5 Bxh4 46. Bd2 Kf7
47. Be3 Bg4 48. Kh2 Bd1 49. Be4 Bxc2 50. Bxc2 Be1 51. Kg2 Bb4 52. Kf3 Be7 53.
Kg4 Nc7 54. Bb1 Ne6 55. Bd2 c5 56. Be4 b6 57. Bd5 Bd6 58. Bc3 Ke7 59. Bxe6 Kxe6
60. Bxg7 Be5 61. Bf8 Bc7 62. Kf3 Bd8 63. Kf4 Bc7+ 64. Ke4 Bd8 65. Kf4 Bc7+ 66.
Ke4 Bd8 67. Bh6 Be7 68. Kf4 Bd6+ 69. Kf3 Kf5 70. Bg7 Bf4 71. Bf8 Bd2 72. Bd6
Kxg5 73. Bc7 Ba5 74. Ke4 Kg4 75. b4 cxb4 76. c5 b3 77. Kd3 Kf5 78. Bxb6 b2 79.
Kc2 Ke6 80. Bxa5 Kd5 81. Bb6 g5 82. a5 g4 83. a6 1-0

[Event "Europa ch 2012 femenino"]
[Site "Gaziantep TUR"]
[Date "2012.03.02"]
[Round "1.38"]
[White "Szczepkowska-Horowska, Karina"]
[Black "Motycakova, Monika"]
[Result "1-0"]
[PlyCount "107"]
[EventDate "2012.03.02"]
[EventType "swiss"]
[EventRounds "11"]
[EventCountry "TUR"]
[Source "lmi"]
[SourceDate "2012.03.02"]
[WhiteElo "2369"]
[BlackElo "2087"]

1. e4 e5 2. Nf3 Nc6 3. Bc4 Nf6 4. d3 Be7 5. O-O O-O 6. a4 d6 7. a5 a6 8. Re1
Kh8 9. Nbd2 Ng8 10. Nf1 f5 11. exf5 Bxf5 12. h3 Qd7 13. Ng3 Bg6 14. c3 d5 15.
Bb3 Bf6 16. Bg5 Bxg5 17. Nxg5 Qd6 18. Nf3 h6 19. Ba4 Rae8 20. Re3 Nf6 21. Nh4
Bh7 22. Rf3 e4 23. Re3 Qf4 24. dxe4 dxe4 25. Qb3 Rb8 26. Nf3 exf3 27. Rxf3 Qg5
28. Bxc6 bxc6 29. Qa3 Qd2 30. Qe7 Qxb2 31. Rf1 Qb7 32. Nh5 Rg8 33. Rxf6 Qb5 34.
Rxh6 Qf5 35. Ng3 Qxa5 36. Rh4 Rbe8 37. Qf7 Qg5 38. Rh5 Qf6 39. Qc4 Re5 40. Rxe5
Qxe5 41. Qxc6 Rf8 42. Rd1 Bc2 43. Rd5 Qe1+ 44. Kh2 Qxf2 45. Rh5+ Kg8 46. Qc4+
Qf7 47. Qh4 Qf6 48. Rh8+ Kf7 49. Qc4+ Kg6 50. Rh4 Qd6 51. Rd4 Qe5 52. Rd5 Qf4
53. Qxa6+ Rf6 54. Qe2 1-0

[Event "Europa ch 2012 femenino"]
[Site "Gaziantep TUR"]
[Date "2012.03.02"]
[Round "1.41"]
[White "Cemhan, Kardelen"]
[Black "Vojinovic, Jovana"]
[Result "0-1"]
[PlyCount "90"]
[EventDate "2012.03.02"]
[EventType "swiss"]
[EventRounds "11"]
[EventCountry "TUR"]
[Source "lmi"]
[SourceDate "2012.03.02"]
[WhiteElo "1954"]
[BlackElo "2356"]

1. e4 c5 2. Nf3 d6 3. d4 cxd4 4. Nxd4 Nf6 5. f3 Nc6 6. c4 Qb6 7. Nc2 g6 8. Nc3
Bg7 9. Be2 Be6 10. Nd5 Bxd5 11. cxd5 Nb4 12. Nxb4 Qxb4+ 13. Qd2 Qb6 14. Qe3 Nd7
15. Qxb6 Nxb6 16. Rb1 Bd4 17. Bb5+ Kf8 18. Bh6+ Kg8 19. Kd2 a6 20. Bd3 f6 21.
Rhc1 Kf7 22. Be3 Bxe3+ 23. Kxe3 Rac8 24. Kd4 h5 25. f4 h4 26. h3 Rhd8 27. b4
e5+ 28. fxe5 dxe5+ 29. Ke3 Ke7 30. b5 a5 31. Kf3 Rh8 32. Ke3 Rhf8 33. Kd2 Kd6
34. Rf1 Rc5 35. Rbc1 Nd7 36. Rxc5 Nxc5 37. Ke3 Nxd3 38. Kxd3 f5 39. exf5 gxf5
40. Kc4 f4 41. Re1 Rc8+ 42. Kd3 Kxd5 43. a4 Rg8 44. Re2 e4+ 45. Kd2 Rg3 0-1

[Event "Europa ch 2012 femenino"]
[Site "Gaziantep TUR"]
[Date "2012.03.02"]
[Round "1.43"]
[White "Soyunlu, Narmin"]
[Black "Molchanova, Tatjana"]
[Result "0-1"]
[PlyCount "74"]
[EventDate "2012.03.02"]
[EventType "swiss"]
[EventRounds "11"]
[EventCountry "TUR"]
[Source "lmi"]
[SourceDate "2012.03.02"]
[WhiteElo "1842"]
[BlackElo "2346"]

1. c4 Nf6 2. g3 c6 3. Bg2 d5 4. Nf3 dxc4 5. O-O Nbd7 6. Qc2 Nb6 7. a4 a5 8. Na3
Be6 9. Ne5 Qd4 10. Nf3 Qe4 11. Qxe4 Nxe4 12. Nd4 Nc5 13. Nxe6 fxe6 14. Rd1 g6
15. d3 Bg7 16. Nxc4 Ncxa4 17. Ra2 Nxc4 18. dxc4 Nb6 19. c5 Nd5 20. Bd2 a4 21.
b3 a3 22. Bxd5 exd5 23. Bc1 Ra5 24. Rxa3 Rxc5 25. Bh6 Bf6 26. Bg5 Kf7 27. Bxf6
Kxf6 28. Kg2 e5 29. Kf3 Rc3+ 30. e3 Rc2 31. Ra7 b5 32. Rc7 Ke6 33. Kg2 Rf8 34.
Rf1 Rf7 35. Rc8 e4 36. Ra8 Kd6 37. Ra6 Ke5 0-1

[Event "Europa ch 2012 femenino"]
[Site "Gaziantep TUR"]
[Date "2012.03.02"]
[Round "1.44"]
[White "Ziaziulkina, Nastassia"]
[Black "Arig, Busra"]
[Result "1-0"]
[PlyCount "57"]
[EventDate "2012.03.02"]
[EventType "swiss"]
[EventRounds "11"]
[EventCountry "TUR"]
[Source "lmi"]
[SourceDate "2012.03.02"]
[WhiteElo "2343"]
[BlackElo "1839"]

1. e4 c5 2. Nf3 e6 3. d4 cxd4 4. Nxd4 a6 5. Bd3 b5 6. a4 b4 7. Nd2 Bb7 8. O-O
Nc6 9. Nxc6 Bxc6 10. Qe2 Nf6 11. a5 Qc7 12. Nc4 Bc5 13. Nb6 Bxb6 14. axb6 Qxb6
15. Be3 Qc7 16. Bc5 d6 17. Bxb4 a5 18. Bc3 e5 19. f4 O-O 20. fxe5 dxe5 21. Rf5
Rfe8 22. Raf1 Qb7 23. Rxf6 gxf6 24. Qg4+ Kh8 25. Rxf6 Rg8 26. Bxe5 Rxg4 27.
Rg6+ f6 28. Bxf6+ Qg7 29. Bxg7+ 1-0

[Event "Europa ch 2012 femenino"]
[Site "Gaziantep TUR"]
[Date "2012.03.02"]
[Round "1.46"]
[White "Goryachkina, Aleksandra"]
[Black "Ozturk, Hilal"]
[Result "0-1"]
[PlyCount "102"]
[EventDate "2012.03.02"]
[EventType "swiss"]
[EventRounds "11"]
[EventCountry "TUR"]
[Source "lmi"]
[SourceDate "2012.03.02"]
[WhiteElo "2341"]
[BlackElo "1784"]

1. c4 e6 2. Nc3 d5 3. d4 Nf6 4. Nf3 Be7 5. Bg5 O-O 6. e3 h6 7. Bh4 Ne4 8. Bxe7
Qxe7 9. Rc1 Nxc3 10. Rxc3 c6 11. Bd3 Nd7 12. O-O dxc4 13. Bxc4 e5 14. dxe5 Nxe5
15. Nxe5 Qxe5 16. Re1 Bf5 17. e4 Rad8 18. Qh5 Rde8 19. Rf3 Qd4 20. Bxf7+ Rxf7
21. Rxf5 Rfe7 22. Rf3 Qxb2 23. a3 Re5 24. Qf7+ Kh8 25. h4 c5 26. Rfe3 a6 27.
Rd1 R5e7 28. Qd5 b6 29. f4 Qf6 30. g3 Qe6 31. Qxe6 Rxe6 32. e5 b5 33. Rd5 Rc6
34. Kf2 a5 35. Ke2 b4 36. f5 c4 37. axb4 axb4 38. e6 c3 39. e7 c2 40. Rd8 c1=Q
41. Rxe8+ Kh7 42. Rh8+ Kxh8 43. e8=Q+ Kh7 44. Kf2 Rc2+ 45. Re2 Rxe2+ 46. Kxe2
Qc2+ 47. Ke3 Qxf5 48. Qb8 Qc5+ 49. Kf4 Qc4+ 50. Kf5 b3 51. h5 Qc2+ 0-1

[Event "Europa ch 2012 femenino"]
[Site "Gaziantep TUR"]
[Date "2012.03.02"]
[Round "1.47"]
[White "Martynkova, Olena"]
[Black "Arabidze, Meri"]
[Result "0-1"]
[PlyCount "68"]
[EventDate "2012.03.02"]
[EventType "swiss"]
[EventRounds "11"]
[EventCountry "TUR"]
[Source "lmi"]
[SourceDate "2012.03.02"]
[WhiteElo "1689"]
[BlackElo "2337"]

1. e4 c6 2. d4 d5 3. e5 Bf5 4. Nd2 e6 5. Nb3 Nd7 6. Nf3 Ne7 7. Be3 Bg6 8. Bd3
Bxd3 9. Qxd3 Nf5 10. Bg5 Qb6 11. g4 Ne7 12. a4 h5 13. Rg1 hxg4 14. Rxg4 Nf5 15.
a5 Qc7 16. O-O-O Rh3 17. Qe2 a6 18. Bf4 c5 19. dxc5 Nxc5 20. Nxc5 Bxc5 21. Bd2
Rc8 22. Bc3 d4 23. Be1 Ba7 24. Rf4 Qc6 25. Rxf5 exf5 26. Nxd4 Qa4 27. Bc3 Rhxc3
28. bxc3 Qa1+ 29. Kd2 Qxc3+ 30. Kc1 Bxd4 31. Qd3 Qxd3 32. Rxd3 Bxf2 33. Rf3 Bd4
34. Rxf5 g6 0-1

[Event "Europa ch 2012 femenino"]
[Site "Gaziantep TUR"]
[Date "2012.03.02"]
[Round "1.48"]
[White "Gvetadze, Sofio"]
[Black "Alev, Gonulden Seda"]
[Result "1-0"]
[PlyCount "73"]
[EventDate "2012.03.02"]
[EventType "swiss"]
[EventRounds "11"]
[EventCountry "TUR"]
[Source "lmi"]
[SourceDate "2012.03.02"]
[WhiteElo "2334"]
[BlackElo "1612"]

1. d4 Nf6 2. Nf3 g6 3. Bf4 Bg7 4. e3 O-O 5. h3 d6 6. Be2 Nbd7 7. O-O c5 8. c3
Nb6 9. Nbd2 Nbd5 10. Bh2 Bd7 11. a4 a6 12. a5 Nc7 13. Nc4 Ncd5 14. dxc5 dxc5
15. e4 Nc7 16. Nb6 Bc6 17. Qxd8 Raxd8 18. Bxc7 Rde8 19. e5 Nd5 20. Nxd5 Bxd5
21. Bb6 Rc8 22. Rad1 Bc6 23. Rfe1 Rfe8 24. Bc4 e6 25. Nd2 Ba4 26. b3 Bc6 27. f4
Bf8 28. Ne4 Bxe4 29. Rxe4 Be7 30. Rd7 Rb8 31. Ba7 Rbd8 32. Rxb7 Rd1+ 33. Kh2
Rc1 34. Bxa6 Rxc3 35. Rc4 Rxc4 36. Bxc4 Bf8 37. Rb8 1-0

[Event "Europa ch 2012 femenino"]
[Site "Gaziantep TUR"]
[Date "2012.03.02"]
[Round "1.49"]
[White "Dai, Irmak"]
[Black "Mikadze, Miranda"]
[Result "0-1"]
[PlyCount "98"]
[EventDate "2012.03.02"]
[EventType "swiss"]
[EventRounds "11"]
[EventCountry "TUR"]
[Source "lmi"]
[SourceDate "2012.03.02"]
[WhiteElo "1592"]
[BlackElo "2329"]

1. e4 c6 2. d4 d5 3. Nc3 dxe4 4. Nxe4 Nf6 5. Nxf6+ gxf6 6. Nf3 h5 7. h4 Bg4 8.
Be2 Nd7 9. Bf4 Qa5+ 10. Qd2 Qxd2+ 11. Bxd2 O-O-O 12. O-O-O e6 13. Kb1 Nb6 14.
Bf4 Nd5 15. Bg3 Bh6 16. Ng1 Rhg8 17. c3 Ne3 18. fxe3 Bf5+ 19. Ka1 Rxg3 20. Bxh5
Rxg2 21. Re1 e5 22. Nf3 e4 23. Nh2 Be6 24. Bd1 Rdg8 25. h5 Kd7 26. b3 a5 27.
Kb1 a4 28. Bc2 f5 29. c4 R8g3 30. Nf1 Rf3 31. Kb2 Rff2 32. Rc1 a3+ 33. Kb1 Ke7
34. Rh4 Kf6 35. Rh1 Kg7 36. Rh4 Bg5 37. Rh1 Kh6 38. c5 f4 39. Rh2 Rxh2 40. Nxh2
Rxh2 41. exf4 Bxf4 42. Rf1 e3 43. Bd3 Rb2+ 44. Ka1 e2 45. Re1 Bg3 46. Rxe2 Rxe2
47. Bxe2 Bf5 48. b4 Be1 49. b5 Bc3# 0-1

[Event "Europa ch 2012 femenino"]
[Site "Gaziantep TUR"]
[Date "2012.03.03"]
[Round "2.1"]
[White "Guramishvili, Sopiko"]
[Black "Kosintseva, Nadezhda"]
[Result "1-0"]
[PlyCount "101"]
[EventDate "2012.03.02"]
[EventType "swiss"]
[EventRounds "11"]
[EventCountry "TUR"]
[Source "lmi"]
[SourceDate "2012.03.02"]
[WhiteElo "2395"]
[BlackElo "2535"]

1. d4 Nf6 2. c4 g6 3. Nc3 Bg7 4. e4 d6 5. Nf3 O-O 6. h3 e5 7. d5 a5 8. Bg5 Na6
9. Nd2 Qe8 10. g4 Nd7 11. h4 Ndc5 12. a3 Bd7 13. h5 f5 14. gxf5 gxf5 15. Rg1
Kh8 16. h6 Bf6 17. Qf3 Qe7 18. Bxf6+ Qxf6 19. Qh5 Rg8 20. Rh1 Nxe4 21. Ndxe4
fxe4 22. Nxe4 Qf4 23. Qh4 Raf8 24. Qxf4 Rxf4 25. Nd2 a4 26. Rc1 Nc5 27. Rc3 Bf5
28. Re3 Bg6 29. Rh2 c6 30. b4 axb3 31. Nxb3 Nxb3 32. Rxb3 cxd5 33. cxd5 Rc8 34.
f3 Rd4 35. Rhb2 Rxd5 36. Rxb7 Rdc5 37. Bh3 Re8 38. Bd7 Rg8 39. Be6 Re8 40. Rb8
Rc1+ 41. Kf2 Rc2+ 42. Rxc2 Rxb8 43. Rd2 Rf8 44. Rxd6 e4 45. a4 Rxf3+ 46. Ke1
Rf8 47. a5 e3 48. a6 Bd3 49. Rxd3 Rf1+ 50. Kxf1 e2+ 51. Kg2 1-0

[Event "Europa ch 2012 femenino"]
[Site "Gaziantep TUR"]
[Date "2012.03.03"]
[Round "2.3"]
[White "Michna, Marta"]
[Black "Kosintseva, Tatiana"]
[Result "0-1"]
[PlyCount "80"]
[EventDate "2012.03.02"]
[EventType "swiss"]
[EventRounds "11"]
[EventCountry "TUR"]
[Source "lmi"]
[SourceDate "2012.03.02"]
[WhiteElo "2383"]
[BlackElo "2513"]

1. Nf3 c5 2. g3 Nc6 3. Bg2 g6 4. d4 cxd4 5. Nxd4 Bg7 6. c3 Nf6 7. O-O d5 8. Nd2
O-O 9. Nxc6 bxc6 10. e4 e6 11. Re1 a5 12. exd5 cxd5 13. Nb3 a4 14. Nd4 Ne4 15.
Be3 a3 16. bxa3 Nxc3 17. Qb3 Na4 18. Rac1 Bd7 19. Nc6 Qe8 20. Nb4 Qb8 21. Bf4
Qb5 22. Bf1 Qa5 23. Rc7 Nc5 24. Qe3 Rfc8 25. Rxc8+ Rxc8 26. Rc1 d4 27. Qf3 e5
28. Bd2 e4 29. Qf4 Qd8 30. Qd6 Ne6 31. Nd5 Rxc1 32. Bxc1 Ba4 33. Qxd8+ Nxd8 34.
Bg5 Nc6 35. Nf6+ Bxf6 36. Bxf6 d3 37. Bc3 Bb5 38. Bh3 f5 39. g4 Nd4 40. Bf1 d2
0-1

[Event "Europa ch 2012 femenino"]
[Site "Gaziantep TUR"]
[Date "2012.03.03"]
[Round "2.5"]
[White "Charochkina, Daria"]
[Black "Gunina, Valentina"]
[Result "0-1"]
[PlyCount "62"]
[EventDate "2012.03.02"]
[EventType "swiss"]
[EventRounds "11"]
[EventCountry "TUR"]
[Source "lmi"]
[SourceDate "2012.03.02"]
[WhiteElo "2371"]
[BlackElo "2511"]

1. e4 c6 2. d4 d5 3. e5 Bf5 4. h4 h6 5. g4 Bd7 6. Nd2 e6 7. Nb3 c5 8. dxc5 Bxc5
9. Nxc5 Qa5+ 10. c3 Qxc5 11. Be3 Qc7 12. f4 Nc6 13. Nf3 Nge7 14. Qc2 f6 15.
O-O-O fxe5 16. fxe5 O-O 17. Be2 Nxe5 18. Nxe5 Qxe5 19. Qd2 Qd6 20. g5 h5 21.
Bxh5 e5 22. Kb1 b5 23. g6 b4 24. Bg5 bxc3 25. Qxc3 d4 26. Bxe7 Qxe7 27. Qa5 d3
28. Bf3 Rab8 29. Rxd3 Bf5 30. Qd5+ Kh8 31. Be4 Qb4 0-1

[Event "Europa ch 2012 femenino"]
[Site "Gaziantep TUR"]
[Date "2012.03.03"]
[Round "2.6"]
[White "Cmilyte, Viktorija"]
[Black "Zawadzka, Jolanta"]
[Result "1-0"]
[PlyCount "59"]
[EventDate "2012.03.02"]
[EventType "swiss"]
[EventRounds "11"]
[EventCountry "TUR"]
[Source "lmi"]
[SourceDate "2012.03.02"]
[WhiteElo "2497"]
[BlackElo "2358"]

1. d4 d5 2. c4 e6 3. Nc3 Bb4 4. Nf3 Nf6 5. Bg5 h6 6. Bxf6 Qxf6 7. e3 O-O 8. Be2
dxc4 9. O-O b6 10. Ne5 Bb7 11. f4 Qe7 12. Bf3 Bxf3 13. Qxf3 Bxc3 14. Qxa8 Bxb2
15. Rab1 Nd7 16. Qxa7 Nxe5 17. fxe5 c3 18. Rf2 Qd7 19. Qb7 Qc8 20. Qc6 Qa8 21.
Qxc7 Qxa2 22. Rbf1 Qb3 23. h3 Ba3 24. Kh2 b5 25. Rxf7 Rxf7 26. Rxf7 Bf8 27. Rf3
c2 28. Qf7+ Kh7 29. Qxf8 c1=Q 30. Rf7 1-0

[Event "Europa ch 2012 femenino"]
[Site "Gaziantep TUR"]
[Date "2012.03.03"]
[Round "2.7"]
[White "Galojan, Lilit"]
[Black "Danielian, Elina"]
[Result "1/2-1/2"]
[PlyCount "85"]
[EventDate "2012.03.02"]
[EventType "swiss"]
[EventRounds "11"]
[EventCountry "TUR"]
[Source "lmi"]
[SourceDate "2012.03.02"]
[WhiteElo "2364"]
[BlackElo "2478"]

1. d4 d5 2. c4 dxc4 3. Nf3 Nf6 4. e3 e6 5. Bxc4 c5 6. O-O a6 7. dxc5 Qxd1 8.
Rxd1 Bxc5 9. Be2 b6 10. Nbd2 Bb7 11. Nc4 Nbd7 12. Bd2 O-O 13. Nfe5 Nxe5 14.
Nxe5 Rfd8 15. Nd3 Be7 16. Bb4 Kf8 17. Rac1 Bxb4 18. Nxb4 Rxd1+ 19. Bxd1 Rc8 20.
Rxc8+ Bxc8 21. f3 Ke7 22. Kf2 Kd6 23. Ke2 Nd5 24. Nxd5 Kxd5 25. Kd3 a5 26. Kc3
Kc5 27. a3 Ba6 28. b4+ axb4+ 29. axb4+ Kd6 30. g3 g5 31. f4 f6 32. fxg5 fxg5
33. Bc2 h6 34. Kd4 Bb7 35. Bg6 e5+ 36. Kd3 Bg2 37. Bf7 Ke7 38. Bg8 Kd6 39. Bf7
Bd5 40. Bxd5 Kxd5 41. e4+ Kc6 42. Kc4 b5+ 43. Kd3 1/2-1/2

[Event "Europa ch 2012 femenino"]
[Site "Gaziantep TUR"]
[Date "2012.03.03"]
[Round "2.11"]
[White "Pogonina, Natalija"]
[Black "Ziaziulkina, Nastassia"]
[Result "1/2-1/2"]
[PlyCount "167"]
[EventDate "2012.03.02"]
[EventType "swiss"]
[EventRounds "11"]
[EventCountry "TUR"]
[Source "lmi"]
[SourceDate "2012.03.02"]
[WhiteElo "2449"]
[BlackElo "2343"]

1. e4 c5 2. Nf3 d6 3. d4 cxd4 4. Nxd4 Nf6 5. Nc3 a6 6. Be2 e6 7. O-O Be7 8. Be3
O-O 9. f4 Qc7 10. a4 Nc6 11. Kh1 Re8 12. Qd2 Bd7 13. Nb3 b6 14. Bf3 Rab8 15.
Rad1 Bc8 16. Qf2 Nd7 17. f5 Nce5 18. Be2 Nf6 19. Qg3 exf5 20. exf5 Bb7 21. Bf4
Rbd8 22. Rd4 Qc8 23. Bh6 Bf8 24. Bg5 Be7 25. Rh4 Ned7 26. Nd4 Bf8 27. Bd3 Re7
28. Nce2 Rde8 29. Ng1 Ne4 30. Bxe4 Rxe4 31. f6 Rxh4 32. Bxh4 g6 33. Nf5 Qxc2
34. Rf2 Qxa4 35. Ne7+ Kh8 36. Re2 Ne5 37. h3 a5 38. Bg5 Qc4 39. Rd2 Qe6 40. Qh4
Ba6 41. Rd4 h5 42. Qf2 Bb7 43. Rd2 Rb8 44. Kh2 Ba8 45. Qd4 Nc4 46. Re2 Ne5 47.
Rd2 Nc6 48. Qxd6 Qxd6+ 49. Rxd6 Re8 50. Nf3 Kh7 51. Rd7 Nxe7 52. fxe7 Bg7 53.
Nd4 Be5+ 54. Kh1 f6 55. Be3 Kg7 56. Ne6+ Kf7 57. Nd8+ Kg8 58. Bxb6 a4 59. Bc5
Be4 60. Ra7 Bc2 61. Ba3 f5 62. Ra8 Bf6 63. Ra7 Bb3 64. Rd7 Kg7 65. Rc7 g5 66.
Rd7 Kg6 67. Nb7 g4 68. Rd8 Rxe7 69. Bxe7 Bxe7 70. Rd7 Bb4 71. hxg4 hxg4 72. Nd8
Bf8 73. Nc6 Bg7 74. Nd4 Bc4 75. Rd6+ Kg5 76. Rd7 Be5 77. Ra7 Bb3 78. Nxb3 axb3
79. Rb7 Bxb2 80. Rxb3 Bd4 81. g3 Be5 82. Re3 Bd6 83. Kg2 f4 84. gxf4+ 1/2-1/2

[Event "Europa ch 2012 femenino"]
[Site "Gaziantep TUR"]
[Date "2012.03.03"]
[Round "2.13"]
[White "Mikadze, Miranda"]
[Black "Khurtsidze, Nino"]
[Result "0-1"]
[PlyCount "108"]
[EventDate "2012.03.02"]
[EventType "swiss"]
[EventRounds "11"]
[EventCountry "TUR"]
[Source "lmi"]
[SourceDate "2012.03.02"]
[WhiteElo "2329"]
[BlackElo "2447"]

1. e4 d6 2. d4 g6 3. Nf3 Bg7 4. c3 b6 5. Bb5+ c6 6. Bd3 Nf6 7. O-O O-O 8. Re1
Ba6 9. e5 Nd5 10. e6 fxe6 11. Ng5 Nc7 12. Bc2 Nd7 13. Nxe6 Nxe6 14. Rxe6 Bc4
15. Re1 e5 16. Nd2 Bd5 17. Ne4 Bxe4 18. Bxe4 d5 19. Bf3 Qh4 20. Be3 Rae8 21.
Rc1 Rf7 22. Qa4 b5 23. Qa6 Nb6 24. dxe5 Bxe5 25. g3 Qa4 26. Qxa4 Nxa4 27. b3
Bxc3 28. bxa4 Bxe1 29. Bg2 d4 30. Bxc6 Rd8 31. Rxe1 dxe3 32. fxe3 b4 33. e4 Kg7
34. Re2 Rd1+ 35. Kg2 g5 36. e5 g4 37. h3 Rff1 38. hxg4 Rfe1 39. Kf2 Rxe2+ 40.
Kxe2 Rc1 41. Be4 Rc5 42. Kd3 Rxe5 43. Kd4 Re7 44. g5 Rc7 45. a5 Rc3 46. g4 Ra3
47. Kc4 Rxa5 48. Bf5 Rxa2 49. Kxb4 Ra6 50. Kb5 Rg6 51. Bc8 Rxg5+ 52. Ka6 Rc5
53. Bb7 Kf6 54. Kxa7 Rc7 0-1

[Event "Europa ch 2012 femenino"]
[Site "Gaziantep TUR"]
[Date "2012.03.03"]
[Round "2.14"]
[White "Hoang Thanh Trang"]
[Black "Gvetadze, Sofio"]
[Result "1/2-1/2"]
[PlyCount "82"]
[EventDate "2012.03.02"]
[EventType "swiss"]
[EventRounds "11"]
[EventCountry "TUR"]
[Source "lmi"]
[SourceDate "2012.03.02"]
[WhiteElo "2438"]
[BlackElo "2334"]

1. d4 d5 2. Nf3 Nf6 3. c4 c6 4. e3 Bf5 5. Nc3 e6 6. Nh4 Bg6 7. Qb3 Qb6 8. g3
Qxb3 9. axb3 Bc2 10. c5 Bxb3 11. Bd3 Nbd7 12. Nf3 Bc4 13. Bxc4 dxc4 14. Nd2 b5
15. cxb6 Nxb6 16. Na4 Nfd7 17. Nxb6 Nxb6 18. Ra6 c5 19. dxc5 Bxc5 20. Ne4 Bb4+
21. Bd2 Bxd2+ 22. Nxd2 O-O 23. Ke2 Rfc8 24. Rha1 h6 25. Rxa7 Rxa7 26. Rxa7 c3
27. bxc3 Rxc3 28. Ne4 Rc2+ 29. Kd3 Rc8 30. Rb7 Rd8+ 31. Ke2 Nd5 32. h4 Nf6 33.
Nxf6+ gxf6 34. e4 Ra8 35. Rd7 Ra2+ 36. Ke3 Ra1 37. Rb7 Ra3+ 38. Ke2 Ra2+ 39.
Kf3 Ra3+ 40. Kg2 Ra4 41. Kf3 Ra3+ 1/2-1/2

[Event "Europa ch 2012 femenino"]
[Site "Gaziantep TUR"]
[Date "2012.03.03"]
[Round "2.15"]
[White "Schleining, Zoya"]
[Black "Batsiashvili, Nino"]
[Result "1/2-1/2"]
[PlyCount "140"]
[EventDate "2012.03.02"]
[EventType "swiss"]
[EventRounds "11"]
[EventCountry "TUR"]
[Source "lmi"]
[SourceDate "2012.03.02"]
[WhiteElo "2326"]
[BlackElo "2438"]

1. d4 d5 2. c4 e6 3. Nc3 Bb4 4. cxd5 exd5 5. Bf4 c6 6. e3 Ne7 7. Bd3 Bf5 8.
Nge2 Bxd3 9. Qxd3 Ng6 10. Bg3 Nd7 11. a3 Be7 12. O-O h5 13. f3 h4 14. Bf2 Nf6
15. e4 dxe4 16. fxe4 Ng4 17. Rad1 Qd7 18. h3 Nxf2 19. Rxf2 Rd8 20. Rf5 O-O 21.
Kh1 Qe6 22. Qf3 Rd7 23. Rf1 Bd8 24. Qg4 Bb6 25. d5 Qe7 26. Rg5 Bc7 27. Nd4 Bd8
28. Rh5 Ne5 29. Rxe5 Qxe5 30. Qxd7 Qxd4 31. d6 Bf6 32. Qxb7 Qxd6 33. Qxa7 Qg3
34. Qf2 Rd8 35. Qxg3 hxg3 36. Rd1 Rb8 37. Ne2 Rb3 38. a4 Re3 39. Rd2 Rxe4 40.
Nxg3 Re1+ 41. Kh2 Be5 42. Rd3 Bxb2 43. Nf5 g6 44. Rd8+ Kh7 45. Nd4 c5 46. Nf3
Re7 47. Rc8 Ba3 48. h4 Ra7 49. Ng5+ Kg7 50. g3 Rxa4 51. Rc7 c4 52. Rxf7+ Kg8
53. Rc7 Bb2 54. Ne4 Bd4 55. Nd6 c3 56. Nb5 Ra2+ 57. Kh3 Be5 58. Nxc3 Rc2 59.
Rc5 Bxc3 60. Kg4 Kf7 61. Rc7+ Ke6 62. Rc6+ Kd5 63. Rxg6 Be5 64. Kh5 Ke4 65. Rg8
Kf3 66. g4 Rh2 67. Ra8 Bg3 68. Ra3+ Kf4 69. Ra4+ Ke5 70. g5 Ke6 1/2-1/2

[Event "Europa ch 2012 femenino"]
[Site "Gaziantep TUR"]
[Date "2012.03.03"]
[Round "2.16"]
[White "Gaponenko, Inna"]
[Black "Kursova, Maria"]
[Result "1/2-1/2"]
[PlyCount "74"]
[EventDate "2012.03.02"]
[EventType "swiss"]
[EventRounds "11"]
[EventCountry "TUR"]
[Source "lmi"]
[SourceDate "2012.03.02"]
[WhiteElo "2416"]
[BlackElo "2328"]

1. e4 c5 2. Nf3 e6 3. c4 Nc6 4. Be2 Nf6 5. Nc3 d5 6. exd5 exd5 7. d4 Be6 8.
cxd5 Nxd5 9. O-O Be7 10. dxc5 Nxc3 11. bxc3 Qxd1 12. Bxd1 Bxc5 13. Ng5 Bd5 14.
Re1+ Kf8 15. Bb3 Bxb3 16. axb3 Be7 17. b4 f6 18. Nf3 b6 19. Re6 Rc8 20. Bf4 Kf7
21. Rae1 Rhe8 22. R6e2 g6 23. h3 a5 24. bxa5 Nxa5 25. Be3 Bc5 26. Bxc5 Rxe2 27.
Rxe2 Rxc5 28. Rb2 Rxc3 29. Rxb6 Rc7 30. Nd2 Nc4 31. Nxc4 Rxc4 32. Rb7+ Kg8 33.
g4 Rc5 34. Kg2 h5 35. Kg3 hxg4 36. hxg4 Rc3+ 37. f3 Ra3 1/2-1/2